000 03158cab a2200325Ia 45 0
001 u202700
003 SIRSI
008 121004s2009 ua ss b eng d
040 _aEAL
041 _aeng
_bara
090 _aART JARKU V35 No4 7
100 1 _aAowad, Mohamed Morsy
240 1 0 _aJournal of agricultural research Kafrelsheikh Univeristy, 2009 v. 35 (4)
_h[electronic resource].
245 1 4 _aThe effect of bio, organic and mineral fertilization on productivity of sunflower seed and oil yields
_h[electronic resource].
246 1 5 _aدراسة تأثير التسميد العضوى والحيوى والمعدنى على إنتاجية بذرة وزيت دوار الشمس.
300 _aP. 1013-1028.
504 _aIncludes references.
520 _aTwo field experiments were conducted out at the experimental farm of Sakha agricultural research station, Kafr El-Sheikh, the experiments were conducted to study the effect of bio, organic and mineral fertilizers on seed and oil yields of sunflower through inoculation with biological nitrogen fixation (BNF) as a bacteria in form of (rhizobacterine or microbine inoculation), farm yard manure.(FYM) as organic source at rate of 20 and 30 m3 /fed.and mineral nitrogen fertilizer. A randomized complete block design with four replication was used. The obtained results could be summarized as follows: The bio, organic, mineral fertilizers and their combinations significantly affected growth analysis and som growth attributes such (dry matter accumulation Iplant and leaf area index), some agronomic characters such (stem diameter, head diameter and plant height) as well as yeild and its components such (100 seed weight, seed yeild /fed., oil percentage and oil yeild) in 2007 and 2008 seasons. Application of organic manure at the rate of 30 m3 /fed. FYM with 30 kgN/fed. as mineral fertilizers recorded the hieghest values of dry matter accumulation /plant, leaf area index, stem diameter, head diameter, plant height, 100 seed weight, seed oil content as well as seed and oil yeilds Ifed. Sunflower plants, which received 20 or 30 m3 FYM with biofertilizers as mixture of Microbin and Rizobacterine were among those having great dry matter accumulation Iplant, leaf area index, stem diameter, head diameter, plant height, 100 seed weight, seed oil content as well as seed and oil yeilds /fed. compared with those received 30 Kg N/fed. In both seasons. - Application of FYM alone at the rate of 20 or 30 m3 was less effect on growth analysis and growth. attributes, agronomic characters as well as yeild and its components than applying mineral nitrogen alone or combined with them.
546 _aSummary in Arabic.
650 0 _aSunflower seed oil.
650 0 _aSunflowers
_xFertilizers.
650 0 _aOrganic fertilizers.
650 0 _aSunflowers
_xYields.
650 0 _aBiofertilizers.
650 3 _aMineral fertilizers.
700 1 _aMohamed, Ayman A. A.
773 0 _tJournal of Agricultural Research Kafrelsheikh Univeristy.
_g2009.v.35(4)
_x1110-032X
_7nnas
_wu191359
856 4 0 _uhttp://nile.enal.sci.eg/EALE/2009/JARKU/3509/4/1013.pdf
_zFull Text Article
596 _a1
942 _cAR
_2lcc
999 _c54550
_d54550